La Blanca de la Carne en Sevilla / (Record no. 56016)
[ view plain ]
| 000 -LEADER | |
|---|---|
| campo de control de longitud fija | 00864nam a2200217 i 4500 |
| 001 - NÚMERO DE CONTROL | |
| campo de control | 56016 |
| 003 - IDENTIFICADOR DE NÚMERO DE CONTROL | |
| campo de control | ES-MaACL |
| 005 - FECHA Y HORA DE LA ÚLTIMA TRANSACCIÓN | |
| campo de control | 20250826050340.0 |
| 007 - CAMPO FIJO DE DESCRIPCIÓN FÍSICA--INFORMACIÓN GENERAL | |
| campo de control de longitud fija | t| |
| 008 - DATOS DE LONGITUD FIJA--INFORMACIÓN GENERAL | |
| campo de control de longitud fija | 031001m19751977sp ||||1| spa d |
| 100 0# - ENTRADA PRINCIPAL--NOMBRE DE PERSONA | |
| Nombre de persona | Díaz de Noriega y Pubul, José. |
| 9 (RLIN) | 44244 |
| 245 13 - MENCIÓN DEL TÍTULO | |
| Título | La Blanca de la Carne en Sevilla / |
| Mención de responsabilidad, etc. | José Díaz de Noriega y Pubul ; presentación, Félix Moreno de la Cova ; prólogo, José Antonio de Sangróniz, Marqués de Derio. |
| 260 ## - PUBLICACIÓN, DISTRIBUCIÓN, ETC. | |
| Lugar de publicación, distribución, etc. | Madrid : |
| Nombre del editor, distribuidor, etc. | Hidalguía, Instituto Salazar y Castro, |
| Fecha de publicación, distribución, etc. | 1975-77. |
| 300 ## - DESCRIPCIÓN FÍSICA | |
| Extensión | 4 v. ; |
| Dimensiones | 25 cm. |
| 650 #7 - PUNTO DE ACCESO ADICIONAL DE MATERIA--TÉRMINO DE MATERIA | |
| Término de materia o nombre geográfico como elemento de entrada | Impuestos- |
| Subdivisión geográfica | Sevilla |
| Fuente del encabezamiento o término | |
| 9 (RLIN) | 157550 |
| 650 #4 - PUNTO DE ACCESO ADICIONAL DE MATERIA--TÉRMINO DE MATERIA | |
| Término de materia o nombre geográfico como elemento de entrada | Nobleza- |
| Subdivisión geográfica | Sevilla- |
| Subdivisión de forma | Historia. |
| 9 (RLIN) | 157551 |
| 700 1# - ENTRADA AGREGADA--NOMBRE PERSONAL | |
| Nombre de persona | Moreno de la Cova, Félix. |
| 9 (RLIN) | 83356 |
| 700 1# - ENTRADA AGREGADA--NOMBRE PERSONAL | |
| Nombre de persona | Desio, José Antonio de Sangroniz y Castro, Marqués de, |
| Fechas asociadas al nombre | 1899-1980 |
| 9 (RLIN) | 103145 |
| 852 ## - LOCALIZACIÓN | |
| Ubicación | ES-MaACL |
| Número de control de estantería | L-10379-82 |
| Sublocalización o colección | R.110984 |
| Estatus retirado | Estado de pérdida | Estado de daño | No para préstamo | Biblioteca de origen | Biblioteca actual | Ubicación en estantería | Fecha de adquisición | Fuente de adquisición | Total de préstamos | Signatura topográfica completa | Código de barras | Visto por última vez | Precio de reemplazo | Tipo de ítem Koha |
|---|---|---|---|---|---|---|---|---|---|---|---|---|---|---|
| Biblioteca del Ateneo de Madrid | Biblioteca del Ateneo de Madrid | Depósito 2 | 17/01/2008 | L-10379-82 | 1058840 | 23/02/2023 | 23/02/2023 | Libro impreso |
